| 000 | 00901nam a2200241Ia 4500 | ||
|---|---|---|---|
| 005 | 20211111074519.0 | ||
| 008 | 130821s2003 sp gr spa | ||
| 020 | _a8449306248 | ||
| 040 |
_aCo-BoUCM _bspa |
||
| 041 | 0 | 0 | _aspa |
| 100 | 1 |
_aBrzezinski, Zbigniew _d1928- _9114022 |
|
| 245 | 1 | 3 |
_aEl gran tablero mundial la supremacía estadounidense y sus imperativos geoestratégicos _cZbigniew Brzezinski |
| 260 |
_aBarcelona (España) _bPaidós _c2003 |
||
| 300 | _a229 páginas | ||
| 490 |
_aEstado y Sociedad _v63 |
||
| 650 | 0 | 4 |
_aGeopolítica _9215 |
| 650 | 0 | 4 |
_aPolítica mundial _922002 |
| 650 | 0 | 4 |
_aRelaciones internacionales _98042 |
| 651 | 7 |
_aEstados Unidos _bRelaciones internacionales _9448 |
|
| 700 | 1 |
_aSalomon, Mónica _9161097 |
|
| 765 | 4 | _aThe grand chessboard. American primacy and its geostrategic imperatives | |
| 942 |
_cLIBRO _a6 _e1 _mB848g _2DEWEY _h320.1273 |
||
| 999 |
_c51477 _d51477 |
||